EMS - systémy environmentálneho manažérstva : Príručka pre stredný a výkonný manažment podnikov. Budovanie systému environmentálne orientovaného riadenia podniku podľa noriem radu EN ISO 14000
Salvato in:
| Natura: | Libro |
|---|---|
| Lingua: | slovacco |
| Pubblicazione: |
Bratislava :
ASPEK,
1997
|
| Soggetti: | |
| Accesso online: | OBSAH |
| Tags: |
Nessun Tag, puoi essere il primo ad aggiungerne!!
|
MARC
| LEADER | 00000nam a22000003a 4500 | ||
|---|---|---|---|
| 001 | stu87016 | ||
| 005 | 20150408161251.9 | ||
| 008 | 040517s1997----xo------------------slo-d | ||
| 020 | |a 80-967713-4-5 | ||
| 040 | |a STU |b slo | ||
| 041 | 0 | |a slo | |
| 044 | |a xo | ||
| 080 | |a 65.012.4 | ||
| 245 | |a EMS - systémy environmentálneho manažérstva : |b Príručka pre stredný a výkonný manažment podnikov. Budovanie systému environmentálne orientovaného riadenia podniku podľa noriem radu EN ISO 14000 | ||
| 260 | |a Bratislava : |b ASPEK, |c 1997 | ||
| 300 | |a 29 s | ||
| 650 | 7 | |a manažment environmentálny |2 stusub | |
| 650 | 7 | |a EMS |2 stusub | |
| 856 | 4 | |a https://sweb.mtf.stuba.sk/obsahy/ems_systemy_environmrntalneho_manazerstva_97.pdf |u https://sweb.mtf.stuba.sk/obsahy/ems_systemy_environmrntalneho_manazerstva_97.pdf |3 OBSAH | |
| 996 | |b 284M057489 |c M*B-359 |l MMKN |s A |a 24 |w stu87016_0001 | ||
| 996 | |b 284M057490 |c M*B-360 |l MMKN |s A |a 24 |w stu87016_0002 | ||